| 000 | 01052nam a22003137a 4500 | ||
|---|---|---|---|
| 003 | CHAP | ||
| 005 | 20220329135005.0 | ||
| 008 | 971013s1979 r 00010 d | ||
| 010 | _a29161 | ||
| 011 | _a30133 | ||
| 035 | _a34245 | ||
| 040 | _cCHAP | ||
| 082 |
_a583.55 _bL4 |
||
| 100 | 0 | 0 |
_aLeón Gallegos, Héctor Manuel. _966118 |
| 245 | _aDescripción de uredinales (Royas) de México en las compuestas | ||
| 260 |
_aMéxico : _bINIA. Campo Agrícola Experimental Valle de Culiacán, _c1979 |
||
| 300 |
_a154 p. _b: ilus. |
||
| 590 |
_aBATCH-UPD _b10 _c20130110 _lUCH01 _h2127 |
||
| 590 |
_aBATCH-UPD _b10 _c20130410 _lUCH01 _h1437 |
||
| 590 |
_aBATCH-UPD _b10 _c20130914 _lUCH01 _h1852 |
||
| 590 |
_aCONVERSION _b10 _c20130109 _lUCH01 _h1317 |
||
| 650 | 1 | 4 |
_aCompuestas _926116 |
| 650 | 1 | 4 |
_aUredinales. _9116893 |
| 700 | 0 |
_aCummins, George Baker. _930429 |
|
| 901 | _aBK | ||
| 942 | _cLIBRO | ||
| 949 |
_a583.55 L4 _bBC _cLIBRO _d33724000456075 _eLIBRO _h59511 _i34245 _si |
||
| 949 |
_a583.55 L4 _bBC _cLIBRO _d33724000456083 _eLIBRO _fc.2 _h59512 _i34245 _si |
||
| 999 |
_c29161 _d29161 |
||